How to provide the best early cost advice to clients (Record no. 65045)

MARC details
000 -LEADER
fixed length control field 01199cam a2200217 4500
001 - CONTROL NUMBER
control field ABS62951
008 - FIXED-LENGTH DATA ELEMENTS--GENERAL INFORMATION
fixed length control field 000000n2000 000 0 eng u
035 ## - SYSTEM CONTROL NUMBER
System control number (Sirsi) u108937
100 ## - MAIN ENTRY--PERSONAL NAME
Personal name Martin, J.
245 ## - TITLE STATEMENT
Title How to provide the best early cost advice to clients
260 ## - PUBLICATION, DISTRIBUTION, ETC.
Date of publication, distribution, etc. 2000
490 ## - SERIES STATEMENT
Series statement CSM (Chartered Surveyor Monthly)
Volume/sequential designation October 2000, 32-33(2)
520 ## - SUMMARY, ETC.
Summary, etc. The first in a series of articles looking at the skills required by surveyors during a building project. Focuses on how to produce a building cost estimate for a client. Describes the tool developed by the Building Cost Information Service, which can help surveyors tackle such enquiries. BCIS Online OnWeb contains details of over 13,000 projects. The BCIS can also provide cost per functional unit information as well as average group elemental costs and average element costs. Includes an example of how the Online OnWeb can be used to produce the information required for a simple £/m2 estimate.
590 ## - LOCAL NOTE (RLIN)
Local note ABS
650 ## - SUBJECT ADDED ENTRY--TOPICAL TERM
Topical term or geographic name entry element BUILT ENVIRONMENT-BUILDING COSTS
650 ## - SUBJECT ADDED ENTRY--TOPICAL TERM
Topical term or geographic name entry element ESTIMATES
650 ## - SUBJECT ADDED ENTRY--TOPICAL TERM
Topical term or geographic name entry element BCIS ONLINE ONWEB
650 ## - SUBJECT ADDED ENTRY--TOPICAL TERM
Topical term or geographic name entry element COST PLANNING
690 ## - LOCAL SUBJECT ADDED ENTRY--TOPICAL TERM (OCLC, RLIN)
Topical term or geographic name as entry element BUILT ENVIRONMENT-BUILDING COSTS
942 ## - ADDED ENTRY ELEMENTS (KOHA)
Suppress in OPAC 0
Holdings
Withdrawn status Lost status Source of classification or shelving scheme Damaged status Not for loan Home library Current library Shelving location Date acquired Total Checkouts Full call number Barcode Date last seen Copy number Price effective from Koha item type
    Dewey Decimal Classification     London London Journal article 24/10/2000   ABS62951 108937-1001 06/08/2019 1 06/08/2019 Journal article